Portuguese Speaking Countries - Statistics

General Stats
  • This quiz has been taken 64 times
  • The average score is 7 of 9
Answer Stats
Answer % Correct
Brazil
100%
Portugal
100%
Angola
82%
Sao Tome and Principe
77%
Mozambique
74%
Cape Verde
70%
Timor Leste
61%
Guinea Bissau
54%
Equatorial Guinea
47%
No matching quizzes found
Score Distribution
Percent of People with Each Score
Percentile by Number Answered
Your Score History
You have not taken this quiz